00573 2200193 4500001002100000005001500021035002000036007000300056008004100059020002200100082001100122084001700133100001800150245010400168250001100272260003500283300004400318650001700362INLIS00000000000024320231110025732 a0010-1123000026ta231110 g 0 ind  a978-602-5876-57-8 a633.33 a633.33 AFR e0 aAfrizal Malik1 aEkonomi Kacang Tanah :bTinjauan Keunggulan Komparatif dan Perspektif Pengembangan /cAfrizal Malik aCet. 1 aYogyakarta :bPlantaxia,c2019 axiv, 110 hlm, :bilus, ;c15 cm x 23 cm 4aKacang Tanah